| 000 | 00710nam a2200229 i 4500 | ||
|---|---|---|---|
| 001 | 67359 | ||
| 003 | ES-MaACL | ||
| 005 | 20230906170042.0 | ||
| 007 | t| | ||
| 008 | 040520s2003 sp ||||0| spa d | ||
| 020 | _a84-9772-121-7 | ||
| 040 |
_aM-BN _bspa _cM-BN |
||
| 080 | _a1 Ortega y Gasset, José :34 | ||
| 100 | 1 |
_aLópez Medel, Jesús. _973768 |
|
| 245 | 1 | 0 |
_aOrtega y Gasset en el pensamiento jurídico / _cJesús López Medel. |
| 250 | _a3ª ed. amp. | ||
| 260 |
_aMadrid : _bDykinson, _c[2003] |
||
| 300 |
_a287 p. : _bil. ; _c19 cm. |
||
| 600 | 1 | 4 |
_aOrtega y Gasset, José, _d1883-1955- _xPensamiento jurídico _987509 |
| 852 |
_aES-MaACL _jL-27620 _bR.133111 |
||
| 999 |
_c67359 _d67359 |
||